000 00854nam a2200241 i 4500
001 110888
003 ES-MaACL
005 20240426162944.0
007 t|
008 040429s1917 sp ||||1| spa d
080 _a821.133.1-23"19"
100 1 _aFrondaie, Pierre.
_952736
245 1 3 _aEl hombre que asesinĂ³
_b: drama en cuatro actos y en prosa /
_cde Pierre Frondaie ; traducido al castellano por A. Palomero.
260 _a[Madrid :
_bLa Novela Teatral,
_c1917]
300 _a34 p. ;
_c20 cm.
490 1 _aLa novela teatral ;
_v18
500 _aCaricatura del actor Enrique BorrĂ¡s, por Tovar, en la cubierta.
700 0 _aTovar
_c, ilustrador.
_9157378
700 1 _aPalomero Dechado, Antonio,
_d1869-1914
_988694
830 0 _aLa novela teatral ;
_v18
_9122427
852 _aES-MaACL
_j2214-F-13
_bR.138682
999 _c110888
_d110888